<?xml version="1.0" encoding="UTF-8"?>
<record
    xmlns:xsi="http://www.w3.org/2001/XMLSchema-instance"
    xsi:schemaLocation="http://www.loc.gov/MARC21/slim http://www.loc.gov/standards/marcxml/schema/MARC21slim.xsd"
    xmlns="http://www.loc.gov/MARC21/slim">

  <leader>02144nam a2200277   4500</leader>
  <controlfield tag="003">NALT</controlfield>
  <controlfield tag="005">20251014133346.0</controlfield>
  <controlfield tag="008">251006b        th ||||| |||| 00| 0 tha d</controlfield>
  <datafield tag="020" ind1=" " ind2=" ">
    <subfield code="a">9786163745699</subfield>
  </datafield>
  <datafield tag="040" ind1=" " ind2=" ">
    <subfield code="a">NALT</subfield>
  </datafield>
  <datafield tag="050" ind1=" " ind2=" ">
    <subfield code="a">DS 571</subfield>
    <subfield code="b">&#xE23;635&#xE01; 2557</subfield>
  </datafield>
  <datafield tag="100" ind1="0" ind2=" ">
    <subfield code="a">&#xE23;&#xE38;&#xE48;&#xE07;&#xE40;&#xE23;&#xE37;&#xE2D;&#xE07; &#xE25;&#xE34;&#xE49;&#xE21;&#xE0A;&#xE39;&#xE1B;&#xE0F;&#xE34;&#xE20;&#xE32;&#xE13;&#xE4C;.</subfield>
    <subfield code="9">66680</subfield>
  </datafield>
  <datafield tag="245" ind1="1" ind2="0">
    <subfield code="a">&#xE01;&#xE33;&#xE40;&#xE19;&#xE34;&#xE14;&#xE0A;&#xE19;&#xE0A;&#xE32;&#xE15;&#xE34;&#xE44;&#xE17;&#xE22; &#xE1B;&#xE10;&#xE21;&#xE1A;&#xE17;&#xE41;&#xE2B;&#xE48;&#xE07;&#xE04;&#xE27;&#xE32;&#xE21;&#xE40;&#xE1B;&#xE47;&#xE19;&#xE44;&#xE17;&#xE22; /</subfield>
    <subfield code="c">&#xE23;&#xE38;&#xE48;&#xE07;&#xE40;&#xE23;&#xE37;&#xE2D;&#xE07; &#xE25;&#xE34;&#xE49;&#xE21;&#xE0A;&#xE39;&#xE1B;&#xE0F;&#xE34;&#xE20;&#xE32;&#xE13;&#xE4C;.</subfield>
  </datafield>
  <datafield tag="250" ind1=" " ind2=" ">
    <subfield code="a">&#xE1E;&#xE34;&#xE21;&#xE1E;&#xE4C;&#xE04;&#xE23;&#xE31;&#xE49;&#xE07;&#xE17;&#xE35;&#xE48; 1.</subfield>
  </datafield>
  <datafield tag="260" ind1=" " ind2=" ">
    <subfield code="a">&#xE01;&#xE23;&#xE38;&#xE07;&#xE40;&#xE17;&#xE1E;&#xE2F; : </subfield>
    <subfield code="b">&#xE1F;&#xE2D;&#xE07;&#xE17;&#xE2D;&#xE07; &#xE40;&#xE2D;&#xE47;&#xE19;&#xE40;&#xE15;&#xE2D;&#xE23;&#xE4C;&#xE44;&#xE1E;&#xE23;&#xE0B;&#xE4C;, </subfield>
    <subfield code="c">2557.</subfield>
  </datafield>
  <datafield tag="300" ind1=" " ind2=" ">
    <subfield code="a">176 &#xE2B;&#xE19;&#xE49;&#xE32; :</subfield>
    <subfield code="b">&#xE20;&#xE32;&#xE1E;&#xE1B;&#xE23;&#xE30;&#xE01;&#xE2D;&#xE1A;, &#xE41;&#xE1C;&#xE19;&#xE17;&#xE35;&#xE48; ;</subfield>
    <subfield code="c">21 &#xE0B;&#xE21;.</subfield>
  </datafield>
  <datafield tag="505" ind1="2" ind2=" ">
    <subfield code="a">&#xE1A;&#xE17;&#xE17;&#xE35;&#xE48; 1 &#xE04;&#xE27;&#xE32;&#xE21;&#xE40;&#xE0A;&#xE37;&#xE48;&#xE2D;&#xE27;&#xE48;&#xE32; &#xE04;&#xE19;&#xE44;&#xE17;&#xE22;&#xE21;&#xE32;&#xE08;&#xE32;&#xE01;&#xE20;&#xE39;&#xE40;&#xE02;&#xE32;&#xE2D;&#xE31;&#xE25;&#xE44;&#xE15; -- &#xE1A;&#xE17;&#xE17;&#xE35;&#xE48; 2 &#xE04;&#xE27;&#xE32;&#xE21;&#xE40;&#xE0A;&#xE37;&#xE48;&#xE2D;&#xE27;&#xE48;&#xE32; &#xE2D;&#xE32;&#xE13;&#xE32;&#xE08;&#xE31;&#xE01;&#xE23;&#xE19;&#xE48;&#xE32;&#xE19;&#xE40;&#xE08;&#xE49;&#xE32;&#xE40;&#xE1B;&#xE47;&#xE19;&#xE1A;&#xE23;&#xE23;&#xE1E;&#xE1A;&#xE38;&#xE23;&#xE38;&#xE29;&#xE44;&#xE17;&#xE22; -- &#xE1A;&#xE17;&#xE17;&#xE35;&#xE48; 3 &#xE04;&#xE27;&#xE32;&#xE21;&#xE40;&#xE0A;&#xE37;&#xE48;&#xE2D;&#xE27;&#xE48;&#xE32; &#xE04;&#xE19;&#xE44;&#xE17;&#xE22;&#xE21;&#xE32;&#xE08;&#xE32;&#xE01;&#xE41;&#xE19;&#xE27;&#xE0A;&#xE32;&#xE22;&#xE41;&#xE14;&#xE19;&#xE15;&#xE2D;&#xE19;&#xE43;&#xE15;&#xE49;&#xE02;&#xE2D;&#xE07;&#xE08;&#xE35;&#xE19;&#xE41;&#xE25;&#xE30;&#xE15;&#xE2D;&#xE19;&#xE40;&#xE2B;&#xE19;&#xE37;&#xE2D;&#xE02;&#xE2D;&#xE07;&#xE40;&#xE27;&#xE35;&#xE22;&#xE14;&#xE19;&#xE32;&#xE21; -- &#xE1A;&#xE17;&#xE17;&#xE35;&#xE48; 4 &#xE01;&#xE32;&#xE23;&#xE01;&#xE33;&#xE2B;&#xE19;&#xE14;&#xE0A;&#xE32;&#xE15;&#xE34;&#xE1E;&#xE31;&#xE19;&#xE18;&#xE38;&#xE4C;&#xE41;&#xE25;&#xE30;&#xE01;&#xE32;&#xE23;&#xE2A;&#xE37;&#xE1A;&#xE2A;&#xE32;&#xE27;&#xE15;&#xE49;&#xE19;&#xE01;&#xE33;&#xE40;&#xE19;&#xE34;&#xE14;&#xE0A;&#xE32;&#xE15;&#xE34;&#xE1E;&#xE31;&#xE19;&#xE18;&#xE4C;&#xE38;&#xE14;&#xE49;&#xE27;&#xE22;&#xE23;&#xE2B;&#xE31;&#xE2A;&#xE1E;&#xE31;&#xE19;&#xE18;&#xE38;&#xE01;&#xE23;&#xE23;&#xE21; DNA -- &#xE1A;&#xE17;&#xE17;&#xE35;&#xE48; 5 &#xE1A;&#xE23;&#xE23;&#xE1E;&#xE1A;&#xE38;&#xE23;&#xE38;&#xE29;&#xE44;&#xE17;&#xE22;&#xE40;&#xE1B;&#xE47;&#xE19;&#xE0A;&#xE38;&#xE21;&#xE0A;&#xE19;&#xE14;&#xE31;&#xE49;&#xE07;&#xE40;&#xE14;&#xE34;&#xE21;&#xE1A;&#xE19;&#xE2A;&#xE38;&#xE27;&#xE23;&#xE23;&#xE13;&#xE20;&#xE39;&#xE21;&#xE34; -- &#xE1A;&#xE17;&#xE17;&#xE35;&#xE48; 6 &#xE1A;&#xE17;&#xE2A;&#xE48;&#xE07;&#xE17;&#xE49;&#xE32;&#xE22;: &#xE02;&#xE49;&#xE2D;&#xE2A;&#xE23;&#xE38;&#xE1B;&#xE15;&#xE49;&#xE19;&#xE01;&#xE33;&#xE40;&#xE19;&#xE34;&#xE14;&#xE04;&#xE19;&#xE44;&#xE17;&#xE22;.</subfield>
  </datafield>
  <datafield tag="650" ind1=" " ind2="4">
    <subfield code="a">&#xE0A;&#xE32;&#xE27;&#xE44;&#xE17;</subfield>
    <subfield code="9">29751</subfield>
  </datafield>
  <datafield tag="650" ind1=" " ind2="4">
    <subfield code="a">&#xE0A;&#xE32;&#xE27;&#xE44;&#xE17;&#xE22;</subfield>
    <subfield code="9">15304</subfield>
  </datafield>
  <datafield tag="651" ind1=" " ind2="4">
    <subfield code="a">&#xE44;&#xE17;&#xE22;</subfield>
    <subfield code="x">&#xE1B;&#xE23;&#xE30;&#xE27;&#xE31;&#xE15;&#xE34;&#xE28;&#xE32;&#xE2A;&#xE15;&#xE23;&#xE4C;</subfield>
    <subfield code="9">4350</subfield>
  </datafield>
  <datafield tag="942" ind1=" " ind2=" ">
    <subfield code="2">lcc</subfield>
    <subfield code="c">GB</subfield>
  </datafield>
  <datafield tag="996" ind1=" " ind2=" ">
    <subfield code="a">jidapa.t</subfield>
    <subfield code="b">ACQSTF</subfield>
    <subfield code="c">2025-10-06</subfield>
  </datafield>
  <datafield tag="996" ind1=" " ind2=" ">
    <subfield code="a">varee.k</subfield>
    <subfield code="b">LIBSTF</subfield>
    <subfield code="c">2025-10-08</subfield>
  </datafield>
  <datafield tag="996" ind1=" " ind2=" ">
    <subfield code="a">saiphon.d</subfield>
    <subfield code="b">CATSTF	</subfield>
    <subfield code="c">2025-10-14</subfield>
  </datafield>
  <datafield tag="999" ind1=" " ind2=" ">
    <subfield code="c">107329</subfield>
    <subfield code="d">107329</subfield>
  </datafield>
  <datafield tag="998" ind1=" " ind2=" ">
    <subfield code="j">104</subfield>
    <subfield code="k"> &#xE19;&#xE32;&#xE07;&#xE2A;&#xE32;&#xE27;&#xE2A;&#xE32;&#xE22;&#xE1D;&#xE19;  &#xE14;&#xE35;&#xE07;&#xE32;&#xE21;</subfield>
  </datafield>
  <datafield tag="952" ind1=" " ind2=" ">
    <subfield code="0">0</subfield>
    <subfield code="1">0</subfield>
    <subfield code="2">lcc</subfield>
    <subfield code="4">0</subfield>
    <subfield code="7">0</subfield>
    <subfield code="8">CGBL</subfield>
    <subfield code="a">NALT</subfield>
    <subfield code="b">NALT</subfield>
    <subfield code="c">GEN</subfield>
    <subfield code="d">2025-10-06</subfield>
    <subfield code="l">0</subfield>
    <subfield code="o">DS 571 &#xE23;635&#xE01; 2557</subfield>
    <subfield code="p">3961215755</subfield>
    <subfield code="r">2025-10-06 00:00:00</subfield>
    <subfield code="w">2025-10-06</subfield>
    <subfield code="y">GB</subfield>
  </datafield>
</record>
